000 00511nam a2200181Ia 4500
008 090123s9999 xx 000 0 und d
082 _b19609
100 _aSHANKARLAL S.DAMOHE
245 _aTHE MAHARASHTRA CO-OPERATIVE SOCIETIES ACT 1960
250 _a0
260 _c1980
300 _a2255
600 _aSHANKARLAL S.DAMOHE
630 _aTHE MAHARASHTRA CO-OPERATIVE SOCIETIES ACT 1960
700 _aSHANKARLAL S.DAMOHE
730 _aTHE MAHARASHTRA CO-OPERATIVE SOCIETIES ACT 1960
942 _cBOOK
999 _c57677
_d57677